[Event "HUN-chT2 9394"]
[Site "?"]
[Date "1994.??.??"]
[Round "?"]
[White "Sandor, Jozsef"]
[Black "Fancsy, Imre"]
[Result "0-1"]
[WhiteElo "2290"]
[BlackElo "2400"]

1.Nf3 d5 2.g3 Nf6 3.Bg2 e6 4.O-O Be7 5.d3 c5 6.Nc3 b6 7.e4 Bb7 8.Ne5 O-O
9.Re1 d4 10.Ne2 Nc6 11.Nxc6 Bxc6 12.e5 Nd5 13.Nf4 Qd7 14.Qg4 Nxf4 15.Bxf4 Rfd8
16.Bh6 Bf8 17.Bg5 Rdc8 18.Be4 Rc7 19.Qh5 h6 20.Bd2 Rac8 21.b3 b5 22.Qg4 Kh8
23.a4 a6 24.axb5 axb5 25.Bxc6 Rxc6 26.Re4 Qb7 27.Qf3 R8c7 28.Ba5 Ra6 29.Kg2 Rc8
30.Rf4 Qxf3+ 31.Kxf3 Rca8 32.Rxf7 Kg8 33.Rb7 Rxa5 34.Rxa5 Rxa5 35.Ke4 Ra2
36.Rxb5 Rxc2 37.f4 Rxh2 38.f5 Re2+ 39.Kf3 Re3+ 40.Kf4 exf5  0-1

[Event "HUN-chT2 9394"]
[Site "?"]
[Date "1994.??.??"]
[Round "?"]
[White "Kosztolanczi, Gyula"]
[Black "Kis, Jozsef"]
[Result "1/2-1/2"]
[WhiteElo "2210"]
[BlackElo "2275"]

1.Nf3 d5 2.g3 Nf6 3.Bg2 g6 4.d3 Bg7 5.O-O Nbd7 6.Nbd2 O-O 7.e4 e5 8.exd5 Nxd5
9.Ne4 f5 10.Nc3 c6 11.Re1 Re8 12.Nxd5 cxd5 13.d4 e4 14.Nd2 Nf8 15.Nf1 Ne6
16.c4 Nxd4 17.cxd5 Qxd5 18.f3 Bd7 19.fxe4 fxe4 20.Ne3 Qc5 21.b4 Qxb4 22.Bd2 Qd6
23.Bc3 Bc6 24.Kh1 Rad8 25.Qg4 h5 26.Qd1 Qe6 27.Bf1 b5 28.Qc1 Nf3 29.Re2 Ne5
30.Bxe5 Bxe5 31.Rb1 a6 32.Rc2 Rd6 33.a4 Bd4 34.axb5 axb5 35.Bxb5 Bxb5 36.Rxb5 Qf6
37.Ng2 e3 38.Qe1 Ra6 39.Rb1 Qf5 40.Qe2 Rae6 41.Qc4 Qe4 42.Re1 Kh7 43.Rce2 R8e7
44.Rf1 g5 45.h4 Rb7 46.hxg5 Rb1 47.Rxb1 Qxb1+ 48.Kh2 Qe4 49.Nf4 Re7 50.Nd5 Re8
51.Rxe3 Qf5 52.Qc7+ Bg7 53.Nf6+ Kg6 54.Rxe8 Qf2+ 55.Kh1 Qf1+ 56.Kh2 Qf2+
57.Kh3 Qf1+ 58.Kh2  1/2-1/2

[Event "HUN-chT2 9394"]
[Site "?"]
[Date "1994.??.??"]
[Round "?"]
[White "Gyorkos, Lajos"]
[Black "Molnar, Bela"]
[Result "1/2-1/2"]
[WhiteElo "2395"]
[BlackElo "2330"]

1.Nf3 d5 2.g3 Nc6 3.Bg2 e5 4.O-O Bg4 5.c4 dxc4 6.Na3 Bxa3 7.bxa3 e4 8.Bb2 Kf8
9.Ne1 Nf6 10.Nc2 Qd7 11.Ne3 Bh3 12.Qc2 Re8 13.Qxc4 h5 14.f3 Bxg2 15.Nxg2 Qxd2
16.Bxf6 gxf6 17.Rad1 Qg5 18.Rd5 Qg7 19.Nh4 exf3 20.exf3 f5 21.Rb1 Qh6 22.Rxb7 Qe3+
23.Kg2 Na5 24.Qb4+ Kg8 25.Rxc7 Qe2+ 26.Kg1 Qe3+ 27.Kf1 Qe2+ 28.Kg1 Qe3+ 29.Kh1 Qf2
30.Rd1 Rh6 31.Qf4 Rhe6 32.Rcc1 Re2 33.Qg5+ Kf8 34.Qh6+ Kg8 35.Qg5+ Kf8 36.Qh6+  1/2-1/2

[Event "JUG-chT"]
[Site "Igalo"]
[Date "1994.??.??"]
[Round "?"]
[White "Drazic, Sinisa"]
[Black "Dabetic, Radojica"]
[Result "1/2-1/2"]
[WhiteElo "2395"]
[BlackElo "2325"]

1.Nf3 d5 2.g3 Nf6 3.Bg2 c5 4.c4 e6 5.O-O Be7 6.cxd5 exd5 7.d4 Nc6 8.b3 O-O
9.Bb2 Ne4 10.dxc5 Bxc5 11.Ne1 Re8 12.Nd3 Bb6 13.Nd2 Bf5 14.Rc1 Qd6 15.Nf4 Rad8
16.Nxe4 Bxe4 17.Bxe4 dxe4  1/2-1/2

[Event "JUG-chT"]
[Site "Igalo"]
[Date "1994.??.??"]
[Round "?"]
[White "Kostic, V Vladimir"]
[Black "Buljovcic, Ivan"]
[Result "1/2-1/2"]
[WhiteElo "2325"]
[BlackElo "2380"]

1.Nf3 d5 2.g3 c6 3.Bg2 Bg4 4.O-O Nd7 5.d3 e5 6.Nbd2 Qc7 7.Qe1 a5 8.e4 dxe4
9.Nxe4 g6 10.Nfd2 Be6 11.Ng5 Bd5 12.Bh3 h6 13.Ngf3 Bg7 14.d4 f6 15.dxe5 fxe5
16.c4 Bxf3 17.Nxf3 Ne7 18.Qe2 O-O-O 19.Be3 Nf5 20.Rad1 Kb8 21.b3 Rhe8 22.Qc2 Rf8
23.Rfe1 Nxe3 24.Rxe3 Nc5 25.Rxd8+ Rxd8 26.Re2 g5 27.Bf5 Qd6 28.Kg2 Qc7 29.Qc1 Rf8
30.Qc2 Qf7 31.Be4 Ne6 32.h3 Nd4 33.Nxd4 exd4 34.Qd2 Qc7 35.Bf3 Qf7 36.Qd3 Re8
37.Rxe8+ Qxe8 38.Qf5 Qd8 39.Be4 Qc7 40.Bd3 Qe5 41.Qd7  1/2-1/2

[Event "JUG-chT"]
[Site "Igalo"]
[Date "1994.??.??"]
[Round "?"]
[White "Vukic, Milan"]
[Black "Raicevic, Vladimir"]
[Result "1/2-1/2"]
[WhiteElo "2445"]
[BlackElo "2445"]

1.Nf3 d5 2.g3 Nf6 3.Bg2 Bf5 4.c4 e6 5.O-O c6 6.b3 Be7 7.Bb2 O-O 8.d3 h6 9.Nbd2 Bh7
10.a3 a5 11.Qc2 Na6 12.Ne5 Nd7 13.Nxd7 Qxd7 14.Bc3 Nc7 15.Qb2 f6 16.d4 b5
17.c5 Rfb8 18.b4 axb4 19.axb4 Ra4 20.Rfc1 Rba8 21.Bf3 Qc8 22.e3 Rxa1 23.Rxa1 Rxa1+
24.Qxa1 Qa6 25.Qxa6 Nxa6 26.Nb3 Bd8 27.Bg2 Bc2 28.Nd2 Kf7 29.f3 g5 30.Kf2 Bc7
31.f4 h5 32.fxg5 fxg5 33.e4 g4 34.exd5 exd5 35.Nf1 Bf5 36.Ne3 Be6 37.Bf1 Nb8
38.Bd3 Nd7 39.Ng2 Nf8 40.Bd2 Ng6 41.Bg5 Ne7 42.Nh4 Bb8 43.Ke3 Bc7 44.Bc2 Bb8
45.Kd2 Bc7 46.Kc3 Bd7 47.Bxe7 Kxe7 48.Bg6 Be8 49.Nf5+ Kf8 50.Bh7 Bd7 51.Kd3 Bd8
52.Bg6 Bg5 53.Nd6 h4 54.Bf5 hxg3 55.hxg3 Ke7 56.Bxd7 Kxd7 57.Nf7 Bf6 58.Nh6 Ke6
59.Nxg4 Bg7 60.Ne3 Bf6 61.g4 Bh4 62.Ke2 Bf6 63.Nc2 Bg5 64.Ne1 Bh6 65.Nd3 Bg7
66.Nf4+ Kf7 67.Kd3 Bh6 68.Nh3 Kf6 69.Ng1 Bf4 70.Ke2 Ke6 71.Kf2 Kf6 72.Ne2 Kg5
73.Kf3  1/2-1/2

[Event "JUG-chT"]
[Site "Igalo"]
[Date "1994.??.??"]
[Round "?"]
[White "Nikolic, Zivoslav"]
[Black "Buljovcic, Ivan"]
[Result "1/2-1/2"]
[WhiteElo "2470"]
[BlackElo "2380"]

1.g3 d5 2.Nf3 c6 3.Bg2 Bg4 4.O-O Nd7 5.d3 e5 6.h3 Bh5 7.e4 dxe4 8.dxe4 Bc5
9.Nbd2 f6 10.Qe2 Qc7 11.Nc4 Ne7 12.Ne3 O-O 13.b4 Bb6 14.Nc4 a5 15.Nxb6 Nxb6
16.c3 Bf7  1/2-1/2

[Event "IND-ch"]
[Site "?"]
[Date "1994.??.??"]
[Round "5"]
[White "Tilak, Sharad S"]
[Black "Dave, Kantilal"]
[Result "1-0"]
[WhiteElo "2360"]
[BlackElo "2265"]

1.Nf3 d5 2.g3 c5 3.Bg2 Nc6 4.O-O g6 5.d3 Bg7 6.Nbd2 Nf6 7.e4 dxe4 8.dxe4 O-O
9.c3 Qc7 10.Qe2 Rd8 11.Nc4 e5 12.Nfd2 Bg4 13.Bf3 Bxf3 14.Qxf3 b5 15.Ne3 Ne7
16.a4 a6 17.Rd1 Qc6 18.b3 Rd7 19.c4 b4 20.Nd5 Qd6 21.Nf1 Nfxd5 22.cxd5 Nc6
23.Be3 Na5 24.Nd2 Rc8 25.Rac1 f5 26.exf5 Qf8 27.f6 Bxf6 28.Ne4 Rf7 29.Bxc5 Rxc5
30.Rxc5 Be7 31.Qe3 Bxc5 32.Qxc5 Nxb3 33.Qxf8+ Kxf8 34.d6 Nd4 35.f4 b3 36.fxe5 Nf3+
37.Kg2 Nxe5 38.Rb1 Rb7 39.Nc5 Rb6 40.d7 Rd6 41.d8=Q+ Rxd8 42.Ne6+ Ke7 43.Nxd8 Kxd8
44.Rxb3 Kc7 45.h3 Kc6 46.Rb8 Nc4 47.Rc8+ Kd5 48.Rc7 a5 49.Rxh7 Kc5 50.Rb7 Nb6
51.Rxb6 Kxb6 52.h4 Kc5 53.g4 Kd4 54.Kf3  1-0

[Event "IND-ch"]
[Site "?"]
[Date "1994.??.??"]
[Round "5"]
[White "Shantharam, KV."]
[Black "Murugan, Krishnamoorthy"]
[Result "0-1"]
[WhiteElo "2260"]
[BlackElo "2410"]

1.Nf3 d5 2.g3 c5 3.Bg2 Nc6 4.d4 Nf6 5.O-O e6 6.b3 cxd4 7.Nxd4 Nxd4 8.Qxd4 Qc7
9.Bb2 Bc5 10.Qd2 O-O 11.Nc3 Rd8 12.Rac1 Bd7 13.a3 Rac8 14.e4 dxe4 15.Nxe4 Nxe4
16.Bxe4 Bc6 17.Bd3 Rd5 18.b4 Qxg3+  0-1

[Event "IND-ch"]
[Site "?"]
[Date "1994.??.??"]
[Round "8"]
[White "Shantharam, KV."]
[Black "Ravi, Thandalam Shanmugam"]
[Result "1/2-1/2"]
[WhiteElo "2260"]
[BlackElo "2340"]

1.g3 d5 2.Nf3 Nf6 3.Bg2 Bf5 4.c4 c6 5.cxd5 cxd5 6.Qb3 Qb6 7.Qxb6 axb6 8.Nc3 e6
9.Nb5 Na6 10.d3 Bb4+ 11.Bd2 Ke7 12.Nfd4 Bg6 13.Bxb4+ Nxb4 14.Kd2 e5 15.Nc2 Nxc2
16.Kxc2 Bf5 17.Kd2 Rhc8 18.f4 exf4 19.gxf4 Ra4 20.Nc3 Rxf4 21.Nxd5+ Nxd5
22.Bxd5 Rc7 23.Raf1 Rxf1 24.Rxf1 Be6 25.Bxe6 Kxe6 26.e4 Rc5 27.Rf2 f6 28.b4 Rh5
29.a4 f5 30.exf5+ Rxf5 31.Re2+ Kd6 32.Kc3 b5 33.a5 Rh5 34.Rf2 g6 35.Rf7 Kc6
36.Rf6+ Kc7 37.Rf2 Rf5 38.Re2 Rh5 39.Rf2 Rf5 40.Re2 Rh5 41.Re7+ Kc6 42.Re6+ Kc7
43.Re2  1/2-1/2

[Event "IND-ch"]
[Site "?"]
[Date "1994.??.??"]
[Round "19"]
[White "Muralidharan, MB."]
[Black "Ravi, Thandalam Shanmugam"]
[Result "0-1"]
[WhiteElo "2420"]
[BlackElo "2340"]

1.Nf3 d5 2.g3 Nf6 3.Bg2 Bf5 4.O-O e6 5.d3 h6 6.b3 Be7 7.Bb2 O-O 8.Nbd2 Bh7
9.Qe1 c5 10.e4 dxe4 11.Ne5 Nbd7 12.Nxd7 Qxd7 13.dxe4 Rfd8 14.Nc4 Rac8 15.a4 b6
16.Qe2 Ne8 17.h3 Qc7 18.Kh2 Bf6 19.e5 Be7 20.f4 Rd7 21.Rf2 Rcd8 22.Raf1 a6
23.a5 bxa5 24.Bc3 Qa7 25.Nxa5 Rc8 26.g4 Bh4 27.Rf3 Nc7 28.f5 Nb5 29.fxe6 fxe6
30.Qc4 Qb6 31.Nc6 Nc7 32.Bb2 Nd5 33.Nd4 Be4 34.Nf5 exf5 35.gxf5 Qb4 36.Qxa6 Re8
37.Qg6 Qb8 38.Kh1 Bxf3 39.Bxf3 Rxe5 40.Qg4 Bf6 41.Qc4 Kh8 42.Bxe5 Qxe5 43.Qxc5 Qxf5
44.Bg2 Qe5 45.Qf2 Ne3 46.Re1 Rd1 47.Rxd1 Nxd1 48.Qd2 Ne3 49.Bf3 Qa1+  0-1

[Event "Ischia op"]
[Site "Ischia"]
[Date "1994.??.??"]
[Round "?"]
[White "Jurek, Josef"]
[Black "Sadler, Matthew"]
[Result "1/2-1/2"]
[WhiteElo "2280"]
[BlackElo "2560"]

1.Nf3 d5 2.g3 c6 3.Bg2 Nf6 4.O-O Bf5 5.d3 e6 6.Nbd2 h6 7.b3 Be7 8.Bb2 O-O
9.c4 Nbd7 10.a3 a5 11.Rc1 Re8 12.Rc2 Bf8 13.Qa1 Qe7 14.Re1 Bh7 15.Bh3 Kh8
16.Ne5 Nxe5 17.Bxe5 Qxa3 18.Ra2 Qc5 19.Bd4 Qd6 20.Rxa5 Rxa5 21.Qxa5 e5 22.Bb6 d4
23.c5 Qd5 24.Qa7 e4 25.dxe4 Nxe4 26.Nxe4 Qxe4 27.Qxb7 d3 28.Ba5 dxe2 29.Bg2 Qf5
30.Qxc6 Rc8 31.Qf3 Qxc5 32.Bd2 Qc2 33.Qxe2  1/2-1/2

[Event "ISR-ch (Women)"]
[Site "?"]
[Date "1994.??.??"]
[Round "?"]
[White "Tsifanskaya, Ludmila A"]
[Black "Srumin, Galina"]
[Result "1-0"]
[WhiteElo "2205"]
[BlackElo "2130"]

1.Nf3 d5 2.g3 Nf6 3.Bg2 Bf5 4.d3 e6 5.Nbd2 h6 6.O-O Be7 7.b3 O-O 8.Bb2 c5
9.e3 Nc6 10.Qe2 Re8 11.Ne1 e5 12.e4 Bg6 13.c3 d4 14.c4 a6 15.Bh3 b5 16.f4 Bf8
17.Qg2 Nh5 18.Bg4 Nf6 19.Be2 Qa5 20.Bc1 Rad8 21.f5 Bh7 22.g4 Rd6 23.h4 Kh8
24.g5 hxg5 25.hxg5 Nd7 26.Kf2 Be7 27.Rh1 Nf8 28.Ndf3 bxc4 29.bxc4 Rb8 30.Bd2 Qc7
31.Nh4 Rb2 32.Nef3 Qb8 33.Qg3 Bd8 34.Nxe5 Nxe5 35.Qxe5 Rxa2 36.Rab1 Qc7 37.Bf4 Be7
38.f6  1-0

[Event "ITA-chT"]
[Site "Italy"]
[Date "1994.??.??"]
[Round "?"]
[White "Mantovani, Renzo"]
[Black "Ratti, Ruggero"]
[Result "1-0"]
[WhiteElo "2360"]
[BlackElo "2320"]

1.Nf3 d5 2.g3 Nf6 3.Bg2 Bf5 4.c4 e6 5.Qb3 Na6 6.d3 c6 7.Qxb7 Nc5 8.Qxc6+ Nfd7
9.Bg5 f6 10.Bd2 a6 11.O-O Rc8 12.Ba5 Rxc6 13.Bxd8 Kxd8 14.Nd4 Rb6 15.b4 Nxd3
16.exd3 Bxd3 17.c5 Bxf1 18.Bxf1 Nxc5 19.bxc5 Bxc5 20.Nb3 Bb4 21.N1d2 Kd7
22.Rd1 Bxd2 23.Rxd2 Rc8 24.h4 Kd6 25.Bh3 Rc4 26.Nd4 f5 27.Nb3 g6 28.f4 Rcc6
29.Nd4 Rc4 30.Bf1 Ra4 31.Nb3 Ra3 32.Nc1 Rc3 33.Ne2 Ra3 34.Nd4 e5 35.fxe5+ Kxe5
36.Nb3 a5 37.Bg2 a4 38.Rxd5+ Kf6 39.Nd2 Rxa2 40.Kf1 Rbb2 41.Ke2 Ra3 42.Bf3 Ke6
43.Ra5 h5 44.Ra6+ Kf7  1-0

[Event "JUG-chT2"]
[Site "?"]
[Date "1994.??.??"]
[Round "2"]
[White "Novakovic, Nemanja"]
[Black "Biocanin, Gordana"]
[Result "1-0"]
[WhiteElo "2345"]
[BlackElo "2080"]

1.Nf3 d5 2.g3 g6 3.Bg2 Bg7 4.d4 Nf6 5.O-O O-O 6.c3 c6 7.Nbd2 Re8 8.Re1 Nbd7
9.e4 dxe4 10.Nxe4 Nxe4 11.Rxe4 Nf6 12.Re1 Be6 13.Rxe6 fxe6 14.Ng5 Qd7 15.Bh3 Qc7
16.Qb3 h6 17.Nxe6 Qb6 18.Qc2 Kh7 19.Nf4 Qa5 20.Qxg6+ Kh8 21.Ne6 Rg8 22.Bf5 Bf8
23.b4 Rxg6 24.bxa5 Rg8 25.Nxf8 Rgxf8 26.Bxh6 Rfd8 27.Rb1 Rd5 28.Be6 Rb5 29.Rb3 Rd8
30.Bf4 Nd5 31.Be5+ Kh7 32.c4 Rxb3 33.axb3 Nc3 34.d5 Ne2+ 35.Kf1 Nc1 36.b4 Na2
37.b5 cxb5 38.cxb5 Nb4 39.Bc7 Rh8 40.d6 exd6 41.Bxd6 Re8 42.Bf5+  1-0

[Event "JUG-chT2"]
[Site "?"]
[Date "1994.??.??"]
[Round "5"]
[White "Petrosian, Arshak B"]
[Black "Smagin, Sergey"]
[Result "1/2-1/2"]
[WhiteElo "2455"]
[BlackElo "2545"]

1.Nf3 d5 2.g3 c6 3.Bg2 Bg4 4.c4 dxc4 5.Qc2 Nd7 6.a4 e6 7.Na3 Bxa3 8.Rxa3 Ngf6
9.Qxc4 Bxf3 10.Bxf3 Ne5 11.Qb4 Nxf3+ 12.Rxf3 Qe7 13.Qxe7+ Kxe7 14.b3 Rhd8
15.Ba3+ Ke8 16.Bb2 Ke7 17.Ba3+ Ke8 18.Bb2  1/2-1/2

[Event "Heart of Finland op 4th"]
[Site "Jyvaskyla"]
[Date "1994.??.??"]
[Round "?"]
[White "Tolonen, Leo Toivovich"]
[Black "Lyrberg, Patrik"]
[Result "0-1"]
[WhiteElo "2340"]
[BlackElo "2405"]

1.Nf3 d5 2.g3 c6 3.Bg2 Bg4 4.Ne5 Bh5 5.d4 Nd7 6.O-O e6 7.f4 f6 8.Nxd7 Qxd7
9.b3 Bd6 10.Qd2 Ne7 11.e4 dxe4 12.Bxe4 O-O-O 13.Bb2 e5 14.fxe5 fxe5 15.Qg5 Bg6
16.Nd2 exd4  0-1

[Event "Heart of Finland op 4th"]
[Site "Jyvaskyla"]
[Date "1994.??.??"]
[Round "?"]
[White "Tolonen, Leo Toivovich"]
[Black "Nei, Iivo"]
[Result "0-1"]
[WhiteElo "2340"]
[BlackElo "2410"]

1.Nf3 d5 2.g3 g6 3.d4 Bg7 4.Bg2 c6 5.O-O Nf6 6.c4 dxc4 7.Ne5 Ng4 8.f4 Nxe5
9.fxe5 O-O 10.Na3 c5 11.e3 Nc6 12.Nxc4 cxd4 13.Bxc6 bxc6 14.exd4 Ba6 15.b3 c5
16.Bb2 Qd5 17.dxc5 Qxc5+ 18.Qd4 Qc6 19.Na5 Qc7 20.Qc3 Qb6+ 21.Rf2 Rac8 22.Nc4 Qc6
23.Qf3 Bxc4 24.Qxc6 Rxc6 25.bxc4 Rxc4 26.Rd1 Rc7 27.Rfd2 h6 28.Kf2 Kh7 29.Kf3 Rb8
30.g4 Rb5 31.Re2 g5 32.Rd3 e6 33.h3 Kg6 34.Rb3 Rd5 35.Rb8 Rcc5 36.Rg8 Ra5
37.a3 Rab5 38.Kg2 Rb3 39.Ra8 Rdb5 40.Bc1 Bxe5 41.Rxa7 Rg3+ 42.Kf1  0-1

[Event "Heart of Finland op 4th"]
[Site "Jyvaskyla"]
[Date "1994.??.??"]
[Round "?"]
[White "Tolonen, Leo Toivovich"]
[Black "Hakulinen, Esko Matti"]
[Result "1-0"]
[WhiteElo "2340"]
[BlackElo "2350"]

1.Nf3 d5 2.g3 c6 3.Bg2 Bg4 4.d4 Nd7 5.h3 Bh5 6.Bf4 e6 7.O-O Ngf6 8.Nbd2 Be7
9.c4 O-O 10.g4 Bg6 11.Rc1 Qb6 12.Qb3 Ne4 13.Nxe4 Bxe4 14.Qxb6 axb6 15.a3 Ra4
16.Nd2 Bxg2 17.Kxg2 Rfa8 18.Rfd1 dxc4 19.Nxc4 b5 20.Nd6 R4a7 21.Ne4 Nb6 22.Bd6 Bxd6
23.Nxd6 Rd8 24.Ne4 Nd5 25.Nc3 Nxc3 26.Rxc3 Ra4 27.e3 Kf8 28.Rdc1 Ke7 29.Kf3 f6
30.Rc5 Rd5 31.Ke4 Kd6 32.f4 Rxc5 33.Rxc5 b6 34.Rh5 h6 35.g5 hxg5 36.fxg5 Rc4
37.g6 Ke7 38.Rh7 f5+ 39.Ke5 Rc2 40.Rxg7+ Kf8 41.Kf6  1-0

[Event "Heart of Finland op 4th"]
[Site "Jyvaskyla"]
[Date "1994.??.??"]
[Round "?"]
[White "Tolonen, Leo Toivovich"]
[Black "Sherbakov, Ruslan"]
[Result "1-0"]
[WhiteElo "2340"]
[BlackElo "2510"]

1.Nf3 d5 2.g3 Bg4 3.Bg2 Nd7 4.h3 Bxf3 5.Bxf3 c6 6.d4 e5 7.c4 e4 8.Bg2 Nb6
9.cxd5 cxd5 10.Nc3 Ne7 11.O-O Nf5 12.a4 a5 13.Nb5 Bb4 14.Bf4 Nd6 15.Bxd6 Bxd6
16.e3 O-O 17.b3 Qd7 18.Nxd6 Qxd6 19.Qd2 Rfc8 20.Rfc1 f5 21.Bf1 Kf7 22.Bb5 g5
23.Kg2 h5 24.Rab1 h4 25.Be2 Ke7 26.Rc5 Nd7 27.Rb5 b6 28.b4 axb4 29.R5xb4 f4
30.exf4 hxg3 31.fxg3 gxf4 32.Bg4 Rf8 33.Rf1  1-0

[Event "Heart of Finland op 4th"]
[Site "Jyvaskyla"]
[Date "1994.??.??"]
[Round "?"]
[White "Vooremaa, Andres"]
[Black "Shevelev, Sergei"]
[Result "0-1"]
[WhiteElo "2310"]
[BlackElo "2445"]

1.Nf3 d5 2.g3 c6 3.Bg2 Bg4 4.d3 Nd7 5.Nbd2 Ngf6 6.c4 e6 7.a3 a5 8.b3 Bd6
9.Bb2 e5 10.h3 Bh5 11.Nh4 O-O 12.Qc2 Re8 13.e4 Bf8 14.g4 Bg6 15.Nxg6 hxg6
16.O-O d4 17.Nf3 Be7 18.Bc1 Nh7 19.Bd2 Ng5 20.Nxe5 Nxe5 21.f4 Nd7 22.fxg5 Bxg5
23.Bxg5 Qxg5 24.Qf2 Ne5 25.Rad1 c5 26.b4 axb4 27.axb4 b6 28.bxc5 bxc5 29.Qd2 Qh4
30.Qf4 Ra3 31.Rf2 f6 32.Bf1 g5 33.Qh2 Nxg4  0-1

[Event "Kecskemet"]
[Site "Kecskemet"]
[Date "1994.??.??"]
[Round "?"]
[White "Vadasz, Laszlo"]
[Black "Mann, Gerald"]
[Result "1/2-1/2"]
[WhiteElo "2365"]
[BlackElo "2315"]

1.Nf3 d5 2.g3 c6 3.Bg2 Bf5 4.c4 e6 5.b3 Nf6 6.O-O Nbd7 7.Bb2 h6 8.d3 Qc7
9.Nbd2 Bh7 10.a3 a5 11.Qc2 Bd6 12.b4 axb4 13.axb4 O-O 14.Qc3 Rxa1 15.Rxa1 Re8
16.e4 dxe4 17.dxe4 e5 18.Nh4 Bf8 19.Nf5 Bxf5 20.exf5 e4 21.Re1 Qd6 22.c5 Qd5
23.Qc2 Qxf5 24.Nxe4 Kh8 25.h3 Ne5 26.f4 Ned7 27.Kh2 h5 28.Re2 h4 29.Nxf6 hxg3+
30.Kxg3 Re3+ 31.Bf3 Qxc2 32.Rxc2 Nxf6  1/2-1/2

[Event "Kecskemet"]
[Site "Kecskemet"]
[Date "1994.??.??"]
[Round "?"]
[White "Vadasz, Laszlo"]
[Black "Gyimesi, Zoltan"]
[Result "0-1"]
[WhiteElo "2365"]
[BlackElo "2430"]

1.Nf3 d5 2.g3 Nf6 3.Bg2 e6 4.O-O Be7 5.d4 Nbd7 6.c4 dxc4 7.Qa4 a6 8.Qxc4 b5
9.Qc2 Bb7 10.a4 O-O 11.axb5 axb5 12.Rxa8 Qxa8 13.Bg5 Rc8 14.Nbd2 c5 15.Bxf6 Bxf6
16.dxc5 Nxc5 17.Ne1 Ne4 18.Qd1 Rd8 19.Nd3 Nxd2 20.Bxb7 Qa5 21.Qa1 Qc7 22.Rd1 Nb3
23.Qa3 Nd4  0-1

[Event "JUG-ch sf"]
[Site "Kladovo"]
[Date "1994.??.??"]
[Round "?"]
[White "Vujadinovic, Goran"]
[Black "Stojanovic, Mihajlo"]
[Result "0-1"]
[WhiteElo "2355"]
[BlackElo "2300"]

1.Nf3 d5 2.g3 Nc6 3.Bg2 e5 4.d3 f6 5.c3 Be6 6.Qc2 Qd7 7.b4 Bd6 8.Nbd2 Nh6
9.a3 Ne7 10.c4 c6 11.Nb3 Nf7 12.Bb2 Bh3 13.O-O h5 14.e4 Ng6 15.cxd5 cxd5
16.Rac1 h4 17.Ne1 Ng5 18.Qe2 Bxg2 19.Kxg2 b6 20.Rc2 Kf7 21.Bc1 Ne6 22.exd5 Nc7
23.Qf3 Qa4 24.Nc5 bxc5 25.bxc5 Nb5 26.cxd6 Rad8 27.Qf5 Rxd6 28.Rc4 Qa5 29.a4 Nd4
30.Qe4 f5 31.Qe3 Qxd5+ 32.f3 hxg3 33.hxg3 Ne7 34.Rc7 Rdh6 35.Qg5 Rh2+ 36.Kg1 Ne2+  0-1

[Event "JUG-ch sf"]
[Site "Kladovo"]
[Date "1994.??.??"]
[Round "?"]
[White "Djukic, Zeljko"]
[Black "Misailovic, Nebojsa"]
[Result "1-0"]
[WhiteElo "2360"]
[BlackElo "2405"]

1.Nf3 d5 2.g3 Nf6 3.Bg2 Bf5 4.O-O e6 5.d3 Be7 6.Nbd2 Bg6 7.Qe1 Nc6 8.a3 Nd7
9.e4 dxe4 10.Nxe4 O-O 11.b4 a5 12.b5 Nce5 13.Nxe5 Nxe5 14.Bb2 Nd7 15.a4 Re8
16.Nd2 c6 17.bxc6 bxc6 18.Nc4 Qc7 19.Bc3 Ra6 20.Bxa5 Qa7 21.Bc3 Nf6 22.Qe5 Bf8
23.Bd4 c5 24.Bc3 Rd8 25.a5 Nd5 26.Rfb1 f6 27.Qe1 Nb4 28.Rb2 Bf7 29.f4 h5
30.h4 Re8 31.Kh2 e5 32.fxe5 fxe5 33.Be4 Bxc4 34.dxc4 Rxa5 35.Rxa5 Qxa5 36.Qe2 g6
37.Bxg6 Rd8 38.Qxe5 Rd4 39.Bxd4  1-0

[Event "JUG-ch sf"]
[Site "Kladovo"]
[Date "1994.??.??"]
[Round "?"]
[White "Lazic, Miroljub"]
[Black "Nikolic, Boban"]
[Result "1-0"]
[WhiteElo "2505"]
[BlackElo "2330"]

1.g3 d5 2.Nf3 c6 3.Bg2 Bg4 4.O-O Nd7 5.b3 Ngf6 6.Bb2 e6 7.c4 Bd6 8.d3 O-O
9.Na3 Qe7 10.Nc2 Bh5 11.Qd2 Rfd8 12.Rfe1 a5 13.Rab1 a4 14.Qc3 axb3 15.axb3 Nc5
16.Ba1 b5 17.Nfd4 Rdc8 18.cxb5 cxb5 19.Nxb5 Na6 20.Qd2 Bb4 21.Nxb4 Nxb4 22.Bc3 Qc5
23.Bxb4 Qxb5 24.Bc3 Ra3 25.Qb2 Rca8 26.Bxf6 gxf6 27.Qxf6 Rxb3 28.Rbc1 Bg6
29.h4 Qa5 30.Bf3 h5 31.Qe5 Rb5 32.d4 Qd2 33.Red1 Qh6 34.Rc7 Rab8 35.e3 Qg7
36.Qg5 Rb1 37.Rxb1 Rxb1+ 38.Kg2 Rb8 39.Bxh5 Be4+ 40.f3 Qxg5 41.hxg5 Bg6 42.Bxg6 fxg6
43.Rc3 Kf7 44.Kh3 Rb4 45.g4 Ke7 46.Kg3 Kd6 47.Rc8 Rb3 48.Kf4 Ke7 49.Rc7+ Kf8
50.Ra7 Rc3 51.Rd7 Rd3 52.Rb7 Ra3 53.e4 dxe4 54.fxe4 Ra5 55.Rc7 e5+ 56.dxe5 Ra6
57.Rd7  1-0

[Event "Kstovo op"]
[Site "Kstovo"]
[Date "1994.??.??"]
[Round "3"]
[White "Loginov, Valery A"]
[Black "Goriatchkin, Jouri"]
[Result "1-0"]
[WhiteElo "2610"]
[BlackElo "2285"]

1.Nf3 d5 2.g3 e6 3.Bg2 Nf6 4.O-O Be7 5.d3 c5 6.Nbd2 Nc6 7.e4 Qc7 8.Re1 b6
9.c3 Bb7 10.Nf1 dxe4 11.dxe4 Rd8 12.Qa4 e5 13.Bg5 O-O 14.Ne3 h6 15.Bxf6 Bxf6
16.Nd5 Qd6 17.Rad1 Ne7 18.Nxf6+ Qxf6 19.Rxd8 Rxd8 20.Qxa7 Bc8 21.Qc7 Rd6
22.h4 Bg4 23.Nh2 h5 24.Nf1 Rd3 25.a4 Ng6 26.a5 bxa5 27.Qxc5 Qe6 28.Qb5 Rd6
29.Qxa5 Bh3 30.Qc5 Bxg2 31.Kxg2 Qg4 32.Nh2 Qd7 33.Qe3 Rd3 34.Qg5 Rd2 35.Qxh5 Rxb2
36.Rd1 Qc6 37.Rd8+ Nf8 38.Qxe5 Rxf2+ 39.Kxf2  1-0

[Event "Kstovo op"]
[Site "Kstovo"]
[Date "1994.??.??"]
[Round "5"]
[White "Kharitonov, Andrei Y"]
[Black "Serper, Grigory"]
[Result "1/2-1/2"]
[WhiteElo "2525"]
[BlackElo "2575"]

1.Nf3 d5 2.g3 c5 3.Bg2 Nc6 4.d4 e6 5.O-O Nf6 6.c4 dxc4 7.dxc5 Qxd1 8.Rxd1 Bxc5
9.Nbd2 Ng4 10.Ne4 Be7 11.Nd4 O-O 12.Nxc6 bxc6 13.Nc3  1/2-1/2

[Event "Kstovo op"]
[Site "Kstovo"]
[Date "1994.??.??"]
[Round "5"]
[White "Loginov, Valery A"]
[Black "Filipenko, Alexander V"]
[Result "1-0"]
[WhiteElo "2610"]
[BlackElo "2415"]

1.Nf3 d5 2.g3 c6 3.Bg2 Bf5 4.c4 e6 5.cxd5 exd5 6.O-O Nf6 7.d3 Bc5 8.Qc2 Bb6
9.Nc3 O-O 10.e4 Be6 11.Na4 h6 12.b4 Qc8 13.Bb2 Bd8 14.Nc5 Bg4 15.Ne5 Bh3
16.Bxh3 Qxh3 17.Nxb7 Bb6 18.Nc5 Re8 19.Rfe1 a5 20.exd5 Nxd5 21.bxa5 Bxa5
22.Re4 Bc7 23.Rae1 Nf6 24.Qc4 Bxe5 25.Rxe5 Rxe5 26.Rxe5 Nbd7 27.Re7 Rf8 28.Nxd7 Ng4
29.Qd4 f6 30.Nxf8 Nxh2 31.Rxg7+  1-0

[Event "Kstovo op"]
[Site "Kstovo"]
[Date "1994.??.??"]
[Round "6"]
[White "Loginov, Valery A"]
[Black "Ivanov, Sergey"]
[Result "1-0"]
[WhiteElo "2610"]
[BlackElo "2490"]

1.Nf3 d5 2.g3 g6 3.c4 c6 4.Qa4 Nd7 5.cxd5 cxd5 6.Nc3 Nf6 7.d3 Bg7 8.Bg2 O-O
9.O-O h6 10.Bd2 a6 11.Rfc1 e5 12.Nd1 Re8 13.Ne3 d4 14.Nf1 Nf8 15.Ba5 b6 16.Bb4 Bb7
17.Bxf8 Bxf8 18.N3d2 Nd5 19.Qb3 Kg7 20.a4 a5 21.Nc4 Re6 22.Nfd2 Bb4 23.Nb1 Qe7
24.Nba3 Rd8 25.Nb5 Bc5 26.Nd2 f5 27.Rc4 e4 28.Nxd4 Re5 29.dxe4 Nb4 30.N4f3 Rxe4
31.Nxe4 fxe4 32.Qc3+ Kh7 33.Ne1 e3 34.f4 Rd2 35.Bxb7 Qxb7 36.Rxc5 bxc5 37.Qxe3 Rxb2
38.Rd1 Nc6 39.Nf3 Rb1 40.Rxb1 Qxb1+ 41.Kf2 c4 42.Qc5 Qe4 43.Nd2 Qh1 44.Nf3  1-0

[Event "Kstovo op"]
[Site "Kstovo"]
[Date "1994.??.??"]
[Round "7"]
[White "Sidorov, Anatoly"]
[Black "Abrosimov, Alexandre"]
[Result "0-1"]
[WhiteElo "2365"]
[BlackElo "2325"]

1.Nf3 d5 2.g3 c6 3.Bg2 Bg4 4.b3 Nd7 5.Bb2 Ngf6 6.O-O e6 7.d3 Bd6 8.e4 e5
9.h3 Bh5 10.Qe1 dxe4 11.dxe4 O-O 12.Nbd2 b5 13.Nh4 Re8 14.Nf5 Bb4 15.a3 Bc5
16.b4 Bf8 17.g4 Bg6 18.c4 c5 19.Nb3 bxc4 20.Na5 cxb4 21.axb4 Qb6 22.Bc3 Rac8
23.Qb1 Bxf5 24.exf5 e4 25.Rd1 Ne5 26.Bd4 Qxb4 27.g5 Qxb1 28.Rdxb1 Nd5 29.Bxe4 Nf4
30.Kf1 c3 31.Bb7 Rc7 32.Be3 Ned3 33.Rb5 c2 34.Nb3 Ba3 35.Kg1 c1=Q+ 36.Nxc1 Bxc1
37.Be4 Bxe3 38.fxe3 Nxh3+ 39.Kg2 Nc5  0-1

[Event "Las Palmas-B"]
[Site "Las Palmas"]
[Date "1994.??.??"]
[Round "1"]
[White "Villavicencio, Adalberto"]
[Black "Sarmiento, Braulio Alfonso"]
[Result "1/2-1/2"]
[WhiteElo "2360"]
[BlackElo "2230"]

1.Nf3 d5 2.g3 Bg4 3.Bg2 Nd7 4.c4 e6 5.cxd5 exd5 6.Qb3 Ngf6 7.h3 Bf5 8.Nd4 Be4
9.Bxe4 dxe4 10.Qxb7 Rb8 11.Qc6 Bc5 12.Nf5 O-O 13.Nc3 Re8 14.Qa4 Rb4 15.Qc2 Qa8
16.Ne3 a5 17.b3 Rbb8 18.Bb2 Bd4 19.O-O Qa6 20.Kg2 Qe6 21.Rac1 c5 22.Nc4  1/2-1/2

[Event "Las Palmas-B"]
[Site "Las Palmas"]
[Date "1994.??.??"]
[Round "6"]
[White "Ubilava, Elizbar"]
[Black "Castellano, Jose"]
[Result "1-0"]
[WhiteElo "2535"]
[BlackElo "2215"]

1.Nf3 d5 2.g3 Bg4 3.Bg2 c6 4.d3 Nd7 5.Nbd2 Ngf6 6.h3 Bxf3 7.Nxf3 e6 8.O-O Be7
9.c3 O-O 10.Qc2 a5 11.e4 dxe4 12.dxe4 a4 13.e5 Nd5 14.Re1 Qc7 15.h4 h6 16.Bd2 Rfd8
17.Rad1 Ra5 18.a3 Raa8 19.Bf1 N5b6 20.g4 Nf8 21.h5 Nbd7 22.Bf4 Ra5 23.Bc4 f6
24.Qe4 Nxe5 25.Bxe5 fxe5 26.Rxd8 Bxd8 27.Nxe5 Bf6 28.Ng6 Qd7 29.Nxf8 Kxf8
30.Bxe6 Qd2 31.Re2 Qd1+ 32.Kg2 Re5 33.Qb4+ Ke8 34.Qxb7 Rxe2 35.Qf7+ Kd8 36.Qf8+ Kc7
37.Qc8+ Kb6 38.Qb8+  1-0